000
00318nam a2200121Ia 4500
008
210430s9999 xx 000 0 und d
082
_a
665.772 H 533 G
100
_a
Christopher Higman
_9
54420
245
_a
Gasification
_c
Christopher Higman
260
_a
London
_b
Elsevier
_c
2003
300
_a
391 p
942
_c
BK
_2
ddc
999
_c
565013
_d
565013